[Event "European Youth Chess Championship B18"]
[Site "Prague, Top Hotel Prague"]
[Date "2012.08.24"]
[Round "8.1"]
[White "Gabuzyan, Hovhannes"]
[Black "Moussard, Jules"]
[Result "1-0"]
[WhiteElo "2488"]
[BlackElo "2429"]
[PlyCount "0"]
[EventDate "2012.08.17"]

1. Nf3 {[%clk 1:30:59]} Nf6 {[%clk 1:30:31]} 2. g3 {[%clk 1:30:05]} d6
{[%clk 1:30:37]} 3. d4 {[%clk 1:30:04]} g6 {[%clk 1:28:10]} 4. Bg2
{[%clk 1:30:29]} Bg7 {[%clk 1:28:35]} 5. O-O {[%clk 1:30:55]} O-O
{[%clk 1:29:00]} 6. Nc3 {[%clk 1:31:19]} d5 {[%clk 1:19:03]} 7. Bf4
{[%clk 1:30:08]} b6 {[%clk 1:15:26]} 8. Nb5 {[%clk 1:28:53]} Nh5 {[%clk 1:07:50]}
9. Bxc7 {[%clk 1:18:20]} Qd7 {[%clk 1:08:04]} 10. a4 {[%clk 1:08:35]} a6
{[%clk 1:07:06]} 11. Ne5 {[%clk 0:57:44]} Bxe5 {[%clk 1:07:19]} 12. dxe5
{[%clk 0:58:11]} axb5 {[%clk 1:06:33]} 13. Qxd5 {[%clk 0:56:55]} Qxc7
{[%clk 1:01:25]} 14. Qxa8 {[%clk 0:56:45]} Qxe5 {[%clk 0:59:13]} 15. axb5
{[%clk 0:56:52]} Be6 {[%clk 0:59:28]} 16. Qb7 {[%clk 0:54:21]} Nd7
{[%clk 0:59:15]} 17. c4 {[%clk 0:42:49]} Nhf6 {[%clk 0:58:06]} 18. b3
{[%clk 0:41:19]} Qxe2 {[%clk 0:53:55]} 19. Qf3 {[%clk 0:39:35]} Qe5
{[%clk 0:50:52]} 20. Rfe1 {[%clk 0:39:21]} Qc5 {[%clk 0:48:55]} 21. h3
{[%clk 0:34:12]} h5 {[%clk 0:44:55]} 22. Qe3 {[%clk 0:31:12]} Qc7
{[%clk 0:44:10]} 23. Rac1 {[%clk 0:30:58]} Rc8 {[%clk 0:41:21]} 24. Rc3
{[%clk 0:25:17]} Qd6 {[%clk 0:40:34]} 25. Qd3 {[%clk 0:23:33]} Qb4
{[%clk 0:40:20]} 26. Rxe6 {[%clk 0:14:45]} fxe6 {[%clk 0:38:03]} 27. Qxg6+
{[%clk 0:15:08]} Kf8 {[%clk 0:38:21]} 28. Re3 {[%clk 0:13:15]} Qd6
{[%clk 0:35:56]} 29. Qh6+ {[%clk 0:12:58]} Kf7 {[%clk 0:34:54]} 30. Be4
{[%clk 0:10:56]} Ne5 {[%clk 0:34:00]} 31. Bf3 {[%clk 0:10:14]} Nxf3+
{[%clk 0:33:10]} 32. Rxf3 {[%clk 0:10:38]} Qe5 {[%clk 0:32:20]} 33. Qh7+
{[%clk 0:10:47]} Ke8 {[%clk 0:32:43]} 34. Qg6+ {[%clk 0:10:46]} Kd7
{[%clk 0:32:58]} 35. Qd3+ {[%clk 0:09:50]} Kc7 {[%clk 0:33:24]} 36. Re3
{[%clk 0:10:16]} Qd6 {[%clk 0:33:49]} 37. Qe2 {[%clk 0:10:24]} e5
{[%clk 0:23:06]} 38. Rxe5 {[%clk 0:10:27]} Kd7 {[%clk 0:22:04]} 39. Re3
{[%clk 0:10:21]} Qc5 {[%clk 0:20:01]} 40. Qd1+ {[%clk 0:36:05]} Ke8
{[%clk 0:48:34]} 41. Qe1 {[%clk 0:33:08]} Kf7 {[%clk 0:47:10]} 42. Re6
{[%clk 0:31:58]} Rc7 {[%clk 0:45:45]} 43. Kg2 {[%clk 0:30:02]} h4
{[%clk 0:34:39]} 44. g4 {[%clk 0:28:54]} Qd4 {[%clk 0:23:49]} 45. Qe2
{[%clk 0:28:56]} Qf4 {[%clk 0:11:37]} 46. Rxb6 {[%clk 0:26:44]} Ne4
{[%clk 0:11:55]} 47. Rc6 {[%clk 0:22:25]} Rd7 {[%clk 0:10:18]} 48. Qf3
{[%clk 0:22:06]} Qxf3+ 49. Kxf3 {[%clk 0:22:32]} Nd2+ {[%clk 0:11:08]} 50. Ke3
{[%clk 0:20:46]} Nxb3 {[%clk 0:11:17]} 51. b6 {[%clk 0:19:53]} Na5
{[%clk 0:09:19]} 52. Rc5 {[%clk 0:19:28]} Nb7 {[%clk 0:09:40]} 53. Rc7
{[%clk 0:18:26]} Rxc7 {[%clk 0:09:27]} 54. bxc7 {[%clk 0:18:50]} Nd6
{[%clk 0:09:55]} 55. c5 {[%clk 0:19:14]} Nc8 {[%clk 0:10:25]} 56. Ke4
{[%clk 0:18:29]} Na7 {[%clk 0:10:31]} 57. Ke5 {[%clk 0:18:05]} Nc6+
{[%clk 0:10:33]} 58. Kd5 {[%clk 0:18:20]} Na7 {[%clk 0:11:02]} 59. g5
{[%clk 0:15:09]} Kg6 {[%clk 0:10:36]} 60. Ke6 {[%clk 0:15:07]} Kxg5
{[%clk 0:11:05]} 61. Kd7 {[%clk 0:15:23]} 1-0

[Event "European Youth Chess Championship B18"]
[Site "Prague, Top Hotel Prague"]
[Date "2012.08.24"]
[Round "8.2"]
[White "Moiseenko, Vadim"]
[Black "Horvath, David"]
[Result "1-0"]
[WhiteElo "2454"]
[BlackElo "2376"]
[PlyCount "0"]
[EventDate "2012.08.17"]

1. d4 {[%clk 1:30:57]} d5 {[%clk 1:29:47]} 2. Nf3 {[%clk 1:31:11]} c6
{[%clk 1:29:40]} 3. e3 {[%clk 1:31:15]} e6 {[%clk 1:23:35]} 4. Bd3
{[%clk 1:30:32]} f5 {[%clk 1:23:50]} 5. c4 {[%clk 1:24:23]} Nf6 {[%clk 1:22:19]}
6. Nc3 {[%clk 1:24:18]} Bd6 {[%clk 1:21:44]} 7. Bd2 {[%clk 1:21:46]} O-O
{[%clk 1:20:11]} 8. Qe2 {[%clk 1:18:26]} Ne4 {[%clk 1:04:04]} 9. O-O-O
{[%clk 1:18:32]} Nd7 {[%clk 1:01:54]} 10. Kb1 {[%clk 1:15:29]} a6
{[%clk 0:56:05]} 11. Ng1 {[%clk 1:07:08]} b5 {[%clk 0:48:26]} 12. c5
{[%clk 1:07:32]} Bb8 {[%clk 0:40:45]} 13. f4 {[%clk 1:04:34]} Ndf6
{[%clk 0:38:29]} 14. Nf3 {[%clk 1:02:46]} Bd7 {[%clk 0:37:54]} 15. Rdg1
{[%clk 1:01:37]} Be8 {[%clk 0:36:19]} 16. Be1 {[%clk 1:01:49]} Nxc3+
{[%clk 0:28:40]} 17. Bxc3 {[%clk 1:02:03]} Bh5 {[%clk 0:28:06]} 18. h3
{[%clk 1:00:07]} Bxf3 {[%clk 0:27:36]} 19. Qxf3 {[%clk 0:58:06]} a5
{[%clk 0:23:25]} 20. g4 {[%clk 0:56:50]} Ne4 {[%clk 0:23:46]} 21. gxf5
{[%clk 0:51:52]} exf5 {[%clk 0:24:09]} 22. Bxe4 {[%clk 0:52:15]} fxe4
{[%clk 0:23:45]} 23. Qg4 {[%clk 0:51:27]} Qe7 {[%clk 0:21:53]} 24. Rg2
{[%clk 0:51:42]} Bc7 {[%clk 0:18:53]} 25. Rhg1 {[%clk 0:46:21]} Rf7
{[%clk 0:19:11]} 26. Qh5 {[%clk 0:44:55]} Raf8 {[%clk 0:14:05]} 27. Be1
{[%clk 0:45:16]} Bd8 {[%clk 0:11:25]} 28. Rg4 {[%clk 0:44:51]} Qd7
{[%clk 0:09:27]} 29. Bh4 {[%clk 0:44:35]} g6 {[%clk 0:05:21]} 30. Bxd8
{[%clk 0:44:00]} Rxd8 {[%clk 0:04:32]} 31. h4 {[%clk 0:40:36]} Rf6
{[%clk 0:00:50]} 32. Qg5 {[%clk 0:38:37]} Rf5 {[%clk 0:01:01]} 33. Qh6
{[%clk 0:38:52]} Qg7 {[%clk 0:00:52]} 34. Rxg6 {[%clk 0:38:56]} hxg6
{[%clk 0:00:47]} 35. Rxg6 {[%clk 0:39:23]} Rd7 {[%clk 0:00:49]} 36. Rxg7+
{[%clk 0:38:53]} Rxg7 {[%clk 0:01:14]} 37. Qxc6 {[%clk 0:38:54]} Rg3
{[%clk 0:01:11]} 38. Qe6+ {[%clk 0:38:29]} Rf7 {[%clk 0:01:33]} 39. c6
{[%clk 0:38:34]} Kg7 {[%clk 0:00:53]} 40. Qe5+ {[%clk 1:08:47]} Kh7
{[%clk 0:30:39]} 41. c7 {[%clk 1:07:23]} 1-0

[Event "European Youth Chess Championship B18"]
[Site "Prague, Top Hotel Prague"]
[Date "2012.08.24"]
[Round "8.3"]
[White "Pardo Simon, David"]
[Black "Forcen Esteban, Daniel"]
[Result "1/2-1/2"]
[WhiteElo "2430"]
[BlackElo "2440"]
[PlyCount "0"]
[EventDate "2012.08.17"]

1. e4 {[%clk 1:30:52]} c5 {[%clk 1:30:55]} 2. Nf3 {[%clk 1:31:07]} d6
{[%clk 1:31:08]} 3. d4 {[%clk 1:31:12]} Nf6 {[%clk 1:31:33]} 4. Nc3
{[%clk 1:31:14]} cxd4 {[%clk 1:31:59]} 5. Nxd4 {[%clk 1:31:33]} a6
{[%clk 1:32:24]} 6. h3 {[%clk 1:31:46]} e5 {[%clk 1:32:29]} 7. Nde2
{[%clk 1:31:44]} h5 {[%clk 1:32:56]} 8. Bg5 {[%clk 1:31:56]} Be6 {[%clk 1:32:53]}
9. f4 {[%clk 1:30:02]} Nbd7 {[%clk 1:32:26]} 10. f5 {[%clk 1:18:51]} Bc4
{[%clk 1:32:51]} 11. Ng3 {[%clk 1:19:10]} Rc8 {[%clk 1:28:48]} 12. Bxc4
{[%clk 1:09:57]} Rxc4 {[%clk 1:28:55]} 13. Qe2 {[%clk 1:10:21]} Qc7
{[%clk 1:23:42]} 14. O-O-O {[%clk 0:48:51]} h4 {[%clk 1:13:49]} 15. Bxf6
{[%clk 0:42:25]} Nxf6 {[%clk 1:13:00]} 16. Nf1 {[%clk 0:42:48]} Rxc3
{[%clk 1:12:21]} 17. bxc3 {[%clk 0:43:16]} Qxc3 {[%clk 1:12:44]} 18. Qd3
{[%clk 0:42:21]} Qa1+ {[%clk 1:13:06]} 19. Kd2 {[%clk 0:42:44]} Qxa2
{[%clk 1:13:29]} 20. Ne3 {[%clk 0:41:57]} Qa4 {[%clk 1:13:43]} 21. c4
{[%clk 0:37:53]} Qa2+ {[%clk 1:12:20]} 22. Nc2 {[%clk 0:34:07]} Qa5+
{[%clk 1:12:46]} 23. Ke2 {[%clk 0:32:09]} Nd7 {[%clk 1:02:30]} 24. Ne3
{[%clk 0:29:52]} Nc5 {[%clk 1:02:16]} 25. Qc2 {[%clk 0:29:25]} Be7
{[%clk 0:58:29]} 26. Rhf1 {[%clk 0:27:22]} O-O {[%clk 0:51:04]} 27. Nd5
{[%clk 0:18:28]} Bg5 {[%clk 0:51:13]} 28. Rf3 {[%clk 0:18:48]} b5
{[%clk 0:44:31]} 29. Kf1 {[%clk 0:14:01]} b4 {[%clk 0:36:48]} 30. f6
{[%clk 0:11:44]} g6 {[%clk 0:34:33]} 31. Rb1 {[%clk 0:07:12]} b3 {[%clk 0:34:54]}
32. Rfxb3 {[%clk 0:07:37]} Nxb3 {[%clk 0:35:16]} 33. Qxb3 {[%clk 0:06:33]} Qc5
{[%clk 0:34:36]} 34. Qd3 {[%clk 0:06:47]} Ra8 {[%clk 0:28:54]} 35. Rb7
{[%clk 0:06:40]} a5 {[%clk 0:26:56]} 36. Ne7+ {[%clk 0:02:49]} Kh7
{[%clk 0:17:37]} 37. Rb5 {[%clk 0:02:21]} Qe3 {[%clk 0:16:43]} 38. Qd5
{[%clk 0:02:18]} Rf8 {[%clk 0:12:56]} 39. Rb8 {[%clk 0:02:41]} Qc1+
{[%clk 0:13:16]} 40. Ke2 {[%clk 0:33:04]} Qc2+ {[%clk 0:43:39]} 41. Kf3
{[%clk 0:32:18]} 1/2-1/2

[Event "European Youth Chess Championship B18"]
[Site "Prague, Top Hotel Prague"]
[Date "2012.08.24"]
[Round "8.4"]
[White "Kadric, Denis"]
[Black "Zhou, Yang-Fan"]
[Result "1-0"]
[WhiteElo "2418"]
[BlackElo "2430"]
[PlyCount "0"]
[EventDate "2012.08.17"]

1. e4 {[%clk 1:30:54]} c5 {[%clk 1:30:57]} 2. Nf3 {[%clk 1:31:17]} Nc6
{[%clk 1:31:22]} 3. d4 {[%clk 1:31:34]} cxd4 {[%clk 1:31:47]} 4. Nxd4
{[%clk 1:31:58]} Nf6 {[%clk 1:32:13]} 5. Nc3 {[%clk 1:32:20]} e5 {[%clk 1:32:35]}
6. Ndb5 {[%clk 1:32:42]} d6 {[%clk 1:32:59]} 7. Bg5 {[%clk 1:32:57]} a6
{[%clk 1:33:18]} 8. Na3 {[%clk 1:33:00]} b5 {[%clk 1:33:42]} 9. Nd5
{[%clk 1:33:19]} Be7 {[%clk 1:34:02]} 10. Bxf6 {[%clk 1:33:40]} Bxf6
{[%clk 1:34:28]} 11. c4 {[%clk 1:34:02]} Nd4 {[%clk 1:33:56]} 12. Bd3
{[%clk 1:23:35]} Bb7 {[%clk 1:26:59]} 13. O-O {[%clk 1:20:00]} Bxd5
{[%clk 1:15:45]} 14. cxd5 {[%clk 1:19:55]} O-O {[%clk 1:13:59]} 15. Nc2
{[%clk 1:18:41]} Qb6 {[%clk 1:08:58]} 16. Nxd4 {[%clk 1:08:12]} Qxd4
{[%clk 1:09:18]} 17. Qb3 {[%clk 1:08:31]} Rfb8 {[%clk 0:54:09]} 18. Rac1
{[%clk 0:57:50]} Rc8 {[%clk 0:54:08]} 19. Rc2 {[%clk 0:52:02]} Rc5
{[%clk 0:50:20]} 20. Rxc5 {[%clk 0:50:33]} dxc5 {[%clk 0:46:35]} 21. Qc2
{[%clk 0:50:40]} c4 {[%clk 0:44:55]} 22. Be2 {[%clk 0:51:07]} Be7
{[%clk 0:44:55]} 23. Rd1 {[%clk 0:49:14]} Qb6 {[%clk 0:45:05]} 24. b3
{[%clk 0:45:49]} cxb3 {[%clk 0:45:29]} 25. axb3 {[%clk 0:45:34]} Bc5
{[%clk 0:39:52]} 26. Bg4 {[%clk 0:45:56]} Kf8 {[%clk 0:36:39]} 27. Rc1
{[%clk 0:45:01]} Bd4 {[%clk 0:36:46]} 28. Kf1 {[%clk 0:45:27]} Rd8
{[%clk 0:35:07]} 29. Qd2 {[%clk 0:43:56]} Bc5 {[%clk 0:28:37]} 30. Qg5
{[%clk 0:39:30]} Re8 {[%clk 0:28:10]} 31. Bd7 {[%clk 0:38:56]} Re7
{[%clk 0:27:33]} 32. b4 {[%clk 0:37:21]} Rxd7 {[%clk 0:10:59]} 33. bxc5
{[%clk 0:36:08]} f6 {[%clk 0:11:10]} 34. cxb6 {[%clk 0:32:55]} fxg5
{[%clk 0:11:33]} 35. d6 {[%clk 0:31:39]} Ke8 {[%clk 0:03:29]} 36. Rc8+
{[%clk 0:31:59]} Kf7 {[%clk 0:03:46]} 37. Rc7 {[%clk 0:32:26]} 1-0

[Event "European Youth Chess Championship B18"]
[Site "Prague, Top Hotel Prague"]
[Date "2012.08.24"]
[Round "8.5"]
[White "Givon, Asaf"]
[Black "Ochsner, Bjorn Moller"]
[Result "1-0"]
[WhiteElo "2340"]
[BlackElo "2290"]
[PlyCount "0"]
[EventDate "2012.08.17"]

1. e4 {[%clk 1:30:50]} c5 {[%clk 1:30:50]} 2. Nf3 {[%clk 1:31:11]} e6
{[%clk 1:31:07]} 3. d4 {[%clk 1:31:09]} cxd4 {[%clk 1:31:25]} 4. Nxd4
{[%clk 1:31:29]} Nf6 {[%clk 1:31:29]} 5. Nc3 {[%clk 1:30:20]} Qb6
{[%clk 1:31:50]} 6. Nb3 {[%clk 1:24:11]} Bb4 {[%clk 1:30:49]} 7. Bd3
{[%clk 1:10:09]} Bxc3+ {[%clk 1:31:05]} 8. bxc3 {[%clk 1:10:37]} d6
{[%clk 1:31:09]} 9. Ba3 {[%clk 1:09:20]} Nbd7 {[%clk 1:31:10]} 10. O-O
{[%clk 1:09:33]} O-O {[%clk 1:31:19]} 11. e5 {[%clk 1:05:29]} dxe5
{[%clk 1:31:21]} 12. Bxf8 {[%clk 1:05:50]} Nxf8 {[%clk 1:31:36]} 13. Re1
{[%clk 1:02:39]} Qc7 {[%clk 1:30:21]} 14. Qf3 {[%clk 1:02:21]} Nd5
{[%clk 1:17:30]} 15. c4 {[%clk 0:59:26]} Nf4 {[%clk 1:11:14]} 16. Qe3
{[%clk 0:50:46]} Nd7 {[%clk 1:08:06]} 17. c5 {[%clk 0:43:39]} Nd5
{[%clk 1:03:25]} 18. Qg3 {[%clk 0:40:16]} f6 {[%clk 1:01:54]} 19. Rad1
{[%clk 0:34:58]} a5 {[%clk 0:39:09]} 20. Bc4 {[%clk 0:18:41]} a4 {[%clk 0:33:19]}
21. Nd4 {[%clk 0:18:13]} N7b6 {[%clk 0:27:10]} 22. Bxd5 {[%clk 0:14:20]} Nxd5
{[%clk 0:27:25]} 23. c4 {[%clk 0:14:05]} Nb4 {[%clk 0:17:29]} 24. Nb5
{[%clk 0:13:43]} Qe7 {[%clk 0:16:51]} 25. a3 {[%clk 0:09:28]} Na6
{[%clk 0:13:57]} 26. Qd3 {[%clk 0:09:32]} Qe8 {[%clk 0:06:55]} 27. Qd8
{[%clk 0:09:08]} Kf8 {[%clk 0:07:13]} 28. Nc7 {[%clk 0:08:18]} Qxd8
{[%clk 0:07:00]} 29. Rxd8+ {[%clk 0:08:40]} Ke7 {[%clk 0:07:25]} 30. Rg8
{[%clk 0:06:10]} Nxc7 {[%clk 0:06:32]} 31. Rxg7+ {[%clk 0:06:37]} Ke8
{[%clk 0:06:42]} 32. Rxc7 {[%clk 0:07:05]} Bd7 {[%clk 0:07:00]} 33. Rxb7
{[%clk 0:07:07]} Ra5 {[%clk 0:07:11]} 34. Rd1 {[%clk 0:06:59]} 1-0

[Event "European Youth Chess Championship B18"]
[Site "Prague, Top Hotel Prague"]
[Date "2012.08.24"]
[Round "8.6"]
[White "Danilenko, Dmitriy"]
[Black "Anton Guijarro, David"]
[Result "0-1"]
[WhiteElo "2395"]
[BlackElo "2526"]
[PlyCount "0"]
[EventDate "2012.08.17"]

1. e4 {[%clk 1:30:59]} Nc6 {[%clk 1:30:18]} 2. Nf3 {[%clk 1:31:23]} g6
{[%clk 1:30:32]} 3. d4 {[%clk 1:31:03]} Bg7 {[%clk 1:30:45]} 4. Nc3
{[%clk 1:30:43]} d6 {[%clk 1:30:10]} 5. Be2 {[%clk 1:28:20]} Bg4 {[%clk 1:28:36]}
6. Be3 {[%clk 1:26:14]} e5 {[%clk 1:24:08]} 7. dxe5 {[%clk 1:23:19]} dxe5
{[%clk 1:21:07]} 8. Qxd8+ {[%clk 1:18:59]} Rxd8 {[%clk 1:17:21]} 9. Nd5
{[%clk 1:19:22]} Rd7 {[%clk 1:02:25]} 10. Bb5 {[%clk 1:18:16]} f5
{[%clk 0:52:43]} 11. Bxc6 {[%clk 1:17:33]} bxc6 {[%clk 0:52:10]} 12. Nc3
{[%clk 1:17:57]} a5 {[%clk 0:47:24]} 13. h3 {[%clk 1:16:05]} Bxf3
{[%clk 0:47:24]} 14. gxf3 {[%clk 1:16:28]} Nf6 {[%clk 0:42:32]} 15. Rd1
{[%clk 1:16:28]} Rxd1+ {[%clk 0:41:31]} 16. Kxd1 {[%clk 1:16:48]} Kf7
{[%clk 0:40:39]} 17. Ke2 {[%clk 1:05:40]} Rb8 {[%clk 0:39:50]} 18. b3
{[%clk 1:04:29]} Bf8 {[%clk 0:39:18]} 19. Rd1 {[%clk 1:04:37]} Bb4
{[%clk 0:34:22]} 20. Na4 {[%clk 1:05:02]} Ke6 {[%clk 0:33:48]} 21. c3
{[%clk 0:58:18]} Bd6 {[%clk 0:33:48]} 22. exf5+ {[%clk 0:57:09]} Kxf5
{[%clk 0:33:44]} 23. Nb2 {[%clk 0:47:36]} Nd5 {[%clk 0:30:41]} 24. Bd2 Ra8
{[%clk 0:31:09]} 25. Rg1 {[%clk 0:47:46]} Nf6 {[%clk 0:30:20]} 26. Be3
{[%clk 0:39:35]} Ke6 {[%clk 0:30:20]} 27. Na4 {[%clk 0:38:15]} Rf8
{[%clk 0:29:46]} 28. c4 {[%clk 0:37:36]} Bb4 {[%clk 0:29:04]} 29. Bc5
{[%clk 0:28:03]} Ra8 {[%clk 0:29:21]} 30. Be3 {[%clk 0:11:30]} Re8
{[%clk 0:28:10]} 31. Rd1 {[%clk 0:09:36]} Kf5 {[%clk 0:26:22]} 32. Nb2
{[%clk 0:07:43]} g5 {[%clk 0:23:22]} 33. Nd3 {[%clk 0:06:51]} h6 {[%clk 0:22:54]}
34. Nxb4 {[%clk 0:04:32]} axb4 {[%clk 0:23:15]} 35. Bc5 {[%clk 0:04:10]} Rb8
{[%clk 0:23:02]} 36. Rd2 {[%clk 0:02:49]} Ke6 {[%clk 0:20:17]} 37. Ba7
{[%clk 0:03:07]} Ra8 {[%clk 0:16:31]} 38. Bc5 {[%clk 0:02:30]} Nh5
{[%clk 0:16:52]} 39. Bxb4 {[%clk 0:01:21]} Nf4+ {[%clk 0:17:15]} 40. Kf1
{[%clk 0:30:52]} Nxh3 {[%clk 0:47:28]} 41. Bc3 {[%clk 0:26:31]} Nf4
{[%clk 0:46:41]} 42. a4 {[%clk 0:22:34]} h5 {[%clk 0:42:44]} 43. Rd1
{[%clk 0:21:26]} c5 {[%clk 0:30:22]} 44. Re1 {[%clk 0:21:00]} Ng6
{[%clk 0:30:47]} 45. a5 {[%clk 0:20:54]} Kf5 {[%clk 0:28:07]} 46. Kg2
{[%clk 0:12:57]} g4 {[%clk 0:26:33]} 47. fxg4+ {[%clk 0:12:52]} hxg4
{[%clk 0:26:57]} 48. Kg1 {[%clk 0:11:40]} c6 {[%clk 0:20:18]} 49. Kf1
{[%clk 0:11:08]} Ra7 {[%clk 0:17:45]} 50. Ra1 {[%clk 0:07:54]} Nf4
{[%clk 0:15:51]} 51. a6 {[%clk 0:07:29]} Nd3 {[%clk 0:12:03]} 52. Ra2
{[%clk 0:03:47]} Ke4 {[%clk 0:08:45]} 53. Kg2 {[%clk 0:02:41]} Nf4+
{[%clk 0:08:07]} 54. Kg3 {[%clk 0:02:37]} Kf5 {[%clk 0:07:10]} 55. Bd2
{[%clk 0:01:43]} Rh7 {[%clk 0:06:17]} 56. Bxf4 {[%clk 0:01:19]} exf4+
{[%clk 0:06:41]} 57. Kg2 {[%clk 0:01:47]} f3+ {[%clk 0:04:37]} 58. Kg1
{[%clk 0:02:16]} Ra7 {[%clk 0:04:59]} 59. Ra1 {[%clk 0:01:39]} Kf4
{[%clk 0:04:38]} 60. Kh2 {[%clk 0:00:45]} Rh7+ {[%clk 0:03:56]} 61. Kg1
{[%clk 0:01:11]} g3 {[%clk 0:04:05]} 62. fxg3+ {[%clk 0:01:04]} Kxg3
{[%clk 0:04:28]} 63. Rf1 {[%clk 0:00:35]} Ra7 {[%clk 0:03:55]} 64. Ra1
{[%clk 0:00:39]} f2+ {[%clk 0:03:48]} 65. Kf1 {[%clk 0:01:06]} Rh7
{[%clk 0:04:13]} 66. Ke2 {[%clk 0:01:11]} Kg2 {[%clk 0:04:36]} 67. a7
{[%clk 0:01:25]} Rxa7 {[%clk 0:04:50]} 68. Rxa7 {[%clk 0:01:51]} f1=Q+ 69. Kd2
{[%clk 0:02:39]} Qf4+ {[%clk 0:05:09]} 70. Kc2 Kf3 {[%clk 0:05:04]} 71. Ra1
{[%clk 0:02:45]} Ke2 {[%clk 0:05:04]} 72. Kb2 {[%clk 0:02:50]} Kd2
{[%clk 0:04:13]} 73. Rc1 {[%clk 0:03:02]} Qe3 {[%clk 0:03:42]} 74. Rc2+
{[%clk 0:03:00]} Kd1 {[%clk 0:04:07]} 75. Rg2 {[%clk 0:03:19]} Qe5+
{[%clk 0:03:52]} 76. Ka2 {[%clk 0:03:45]} Kc1 {[%clk 0:03:51]} 77. Rf2
{[%clk 0:02:45]} Qe1 {[%clk 0:04:03]} 0-1

[Event "European Youth Chess Championship B18"]
[Site "Prague, Top Hotel Prague"]
[Date "2012.08.24"]
[Round "8.7"]
[White "Kriebel, Tadeas"]
[Black "Plat, Vojtech"]
[Result "1/2-1/2"]
[WhiteElo "2376"]
[BlackElo "2480"]
[PlyCount "0"]
[EventDate "2012.08.17"]

1. e4 {[%clk 1:30:53]} d6 {[%clk 1:30:42]} 2. d4 {[%clk 1:31:06]} Nf6
{[%clk 1:31:06]} 3. Nc3 {[%clk 1:31:31]} e5 {[%clk 1:31:31]} 4. dxe5
{[%clk 1:31:51]} dxe5 {[%clk 1:31:55]} 5. Qxd8+ {[%clk 1:32:17]} Kxd8
{[%clk 1:32:19]} 6. Bg5 {[%clk 1:32:40]} Be6 {[%clk 1:32:45]} 7. O-O-O+
{[%clk 1:32:53]} Nbd7 {[%clk 1:33:13]} 8. f4 {[%clk 1:32:47]} exf4
{[%clk 1:33:30]} 9. Nf3 {[%clk 1:30:47]} Kc8 {[%clk 1:33:53]} 10. Bxf4
{[%clk 1:24:12]} Bb4 {[%clk 1:33:38]} 11. Bd3 {[%clk 1:15:57]} Bxc3
{[%clk 1:25:41]} 12. bxc3 {[%clk 1:16:04]} Nc5 {[%clk 1:26:04]} 13. a3
{[%clk 1:15:53]} Ncxe4 {[%clk 1:25:26]} 14. Rhe1 {[%clk 1:12:18]} Nf2
{[%clk 1:20:05]} 15. Rd2 {[%clk 1:12:27]} Nxd3+ {[%clk 1:20:30]} 16. cxd3
{[%clk 1:12:47]} Nd7 {[%clk 1:15:32]} 17. Kc2 {[%clk 0:55:32]} Re8
{[%clk 1:14:15]} 18. Rde2 {[%clk 0:47:24]} Nc5 {[%clk 1:13:53]} 19. Be3
{[%clk 0:45:51]} Bb3+ {[%clk 0:59:55]} 20. Kb2 {[%clk 0:44:56]} Nxd3+
{[%clk 1:00:22]} 21. Kxb3 {[%clk 0:45:17]} Nxe1 {[%clk 1:00:49]} 22. Rxe1
{[%clk 0:45:30]} b6 {[%clk 1:01:14]} 23. Bd4 {[%clk 0:41:30]} Rxe1
{[%clk 1:01:39]} 24. Nxe1 {[%clk 0:41:55]} f6 {[%clk 1:02:06]} 25. Kc4
{[%clk 0:38:37]} Kd7 {[%clk 1:02:30]} 26. Kd3 {[%clk 0:34:18]} Re8
{[%clk 1:02:40]} 27. Nc2 {[%clk 0:31:32]} c5 {[%clk 1:03:06]} 28. Bf2
{[%clk 0:31:31]} Kc6 {[%clk 1:03:24]} 29. a4 {[%clk 0:28:49]} a6 {[%clk 1:03:48]}
30. c4 {[%clk 0:28:34]} f5 {[%clk 1:03:08]} 31. Ne3 {[%clk 0:27:49]} g6
{[%clk 1:03:07]} 32. Bh4 {[%clk 0:25:59]} b5 {[%clk 1:00:08]} 33. axb5+
{[%clk 0:26:17]} axb5 {[%clk 1:00:33]} 34. cxb5+ {[%clk 0:26:38]} Kxb5
{[%clk 1:00:58]} 35. Nc4 {[%clk 0:26:22]} Ra8 {[%clk 0:57:22]} 36. Bf6
{[%clk 0:23:14]} Ra6 {[%clk 0:55:44]} 37. Be5 {[%clk 0:21:31]} Ra7
{[%clk 0:53:12]} 38. g3 {[%clk 0:20:27]} Rd7+ {[%clk 0:53:06]} 39. Kc3
{[%clk 0:20:51]} Rd1 {[%clk 0:53:20]} 40. Bf4 {[%clk 0:50:53]} Kc6
{[%clk 1:19:50]} 41. Ne5+ {[%clk 0:47:59]} Kd5 {[%clk 1:19:33]} 42. Nd7
{[%clk 0:47:50]} 1/2-1/2